C# 2005 и платформа. NET 3.0 для профессионалов (Запись № 1547272)

Подробности
000 -МАРКЕР
контрольное поле 01887nam0a2200385 4500
001 - ИДЕНТИФИКАТОР ЗАПИСИ
контрольное поле RU\NLR\bibl\1175987
005 - ИДЕНТИФИКАТОР ВЕРСИИ
контрольное поле 20260405164306.0
010 ## - МЕЖДУНАРОДНЫЙ СТАНДАРТНЫЙ НОМЕР КНИГИ (ISBN)
Номер (ISBN) 978-5-8459-1317-3
Тираж 2000
035 ## - ДРУГИЕ СИСТЕМНЫЕ НОМЕРА
Идентификатор записи (NLR Aleph) 001162638
100 ## - ДАННЫЕ ОБЩЕЙ ОБРАБОТКИ
Данные общей обработки 20080115d2008 |||y0rusy50 ca
101 1# - ЯЗЫК РЕСУРСА
Язык текста, звукозаписи и т.д. русский
Язык оригинала английский
102 ## - СТРАНА ПУБЛИКАЦИИ ИЛИ ПРОИЗВОДСТВА
Страна публикации Российская Федерация
-- Украина
105 ## - ПОЛЕ КОДИРОВАННЫХ ДАННЫХ: ТЕКСТОВЫЕ МАТЕРИАЛЫ, МОНОГРАФИЧЕСКИЕ
Кодированные данные о монографическом текстовом документе a |||||||||
200 1# - ЗАГЛАВИЕ И СВЕДЕНИЯ ОБ ОТВЕТСТВЕННОСТИ
Основное заглавие C# 2005 и платформа. NET 3.0 для профессионалов
Сведения, относящиеся к заглавию [для пользователей средней и высокой квалификации]
Первые сведения об ответственности Кристиан Найгел, Билл Ивьен, Джейн Глинн [и др.
Последующие сведения об ответственности пер. с англ. Я.П. Волковой и др.
-- под ред Ю.Н. Артеменко]
210 ## - ПУБЛИКАЦИЯ, РАСПРОСТРАНЕНИЕ И ДР.
Место издания, распространения и т.д. Москва [и др.]
Имя издателя, распространителя и т. д. Диалектика
Дата издания, распространения и т.д. 2008 [т.е. 2007]
215 ## - ФИЗИЧЕСКАЯ ХАРАКТЕРИСТИКА
Специфическое обозначение материала и объем 1789 с.
Другие сведения о физической характеристике ил.
Размеры 25
Сопроводительный материал 1 элект. опт. диск (CD-ROM)
300 ## - ОБЩИЕ ПРИМЕЧАНИЯ
Текст примечания Загл. ориг.: Professional С# 2005 with. NET 3.0
300 ## - ОБЩИЕ ПРИМЕЧАНИЯ
Текст примечания Кн. фактически изд. в 2007 г.
320 ## - ПРИМЕЧАНИЯ О НАЛИЧИИ В ДОКУМЕНТЕ БИБЛИОГРАФИИ / УКАЗАТЕЛЯ
Текст примечания Предм. указ.: с. 1778-1789
454 #0 - ОРИГИНАЛ (ПЕРЕВОДА)
Встроенное поле 2001#$aProfessional С# 2005 with. NET 3.0
Заглавие Professional С# 2005 with. NET 3.0
606 1# - НАИМЕНОВАНИЕ ТЕМЫ КАК ПРЕДМЕТ
Наименование темы C# 2005, язык программирования
Системный номер авторитетной/нормативной записи 2442406
Идентификатор авторитетной/нормативной записи RU\NLR\auth\661452884
606 1# - НАИМЕНОВАНИЕ ТЕМЫ КАК ПРЕДМЕТ
Наименование темы MICROSOFT .NET 3.0, операционная система
Системный номер авторитетной/нормативной записи 2502306
Идентификатор авторитетной/нормативной записи RU\NLR\auth\661484021
686 ## - ИНДЕКСЫ ДРУГИХ КЛАССИФИКАЦИЙ
Индекс З973.23-018.1
686 ## - ИНДЕКСЫ ДРУГИХ КЛАССИФИКАЦИЙ
Индекс З973.23-018.2
701 #1 - ИМЯ ЛИЦА - АЛЬТЕРНАТИВНАЯ ОТВЕТСТВЕННОСТЬ
Начальный элемент ввода Нейгел
Часть имени, кроме начального элемента ввода К.
Расширение инициалов личного имени Кристиан
Код отношения Автор
701 #1 - ИМЯ ЛИЦА - АЛЬТЕРНАТИВНАЯ ОТВЕТСТВЕННОСТЬ
Начальный элемент ввода Ивьен
Часть имени, кроме начального элемента ввода Б.
Расширение инициалов личного имени Билл
Код отношения Автор
701 #1 - ИМЯ ЛИЦА - АЛЬТЕРНАТИВНАЯ ОТВЕТСТВЕННОСТЬ
Начальный элемент ввода Глинн
Часть имени, кроме начального элемента ввода Д.
Расширение инициалов личного имени Джейн
Код отношения Автор
702 #1 - ИМЯ ЛИЦА - ВТОРИЧНАЯ ОТВЕТСТВЕННОСТЬ
Код отношения Редактор
Материалы, к которым относится поле rus
Графика поля Кириллица
Начальный элемент ввода Артеменко
Часть имени, кроме начального элемента ввода Ю. Н.
Дополнения к именам, кроме дат канд. техн. наук
Расширение инициалов личного имени Юрий Николаевич
Идентификатор авторитетной/нормативной записи RU\NLR\auth\7770270
Системный номер авторитетной/нормативной записи 53198
801 #0 - ИСТОЧНИК ЗАПИСИ
Страна Российская Федерация
Организация NLR
Дата составления 20080115
Правила каталогизации RCR
801 #1 - ИСТОЧНИК ЗАПИСИ
Страна Российская Федерация
Организация NLR
Дата составления 20080115
830 ## - ОБЩЕЕ ПРИМЕЧАНИЕ, СОСТАВЛЕННОЕ КАТАЛОГИЗАТОРОМ
Текст примечания авт. по кн.
942 ## - ДОПОЛНИТЕЛЬНЫЕ ЭЛЕМЕНТЫ ЗАПИСИ (АБИС)
Тип экземпляра АБИС Книга
980 ## - КОЛЛЕКЦИЯ
Название коллекции Национальная библиография
Экземпляры
Тип экземпляра Дата поступления Источник поступления Стоимость Библиотека постоянного хранения Библиотека текущего хранения Место хранения Шифр хранения Штрих-код Статус экземпляра
Книга 15.01.2008 Покупка 797.00 РНБ (Московский) РНБ (Московский) Русский книжный фонд: издания с 1957 года 2008-7/167 2585251  
Книга 15.01.2008 Покупка 797.00 РНБ (Садовая) РНБ (Садовая) Универсальный читальный зал У З973.23-018.2/С-340 1-288427